LEADER 00845nam2-22003131i-450- 001 990000187570403321 005 20161026111301.0 035 $a000018757 035 $aFED01000018757 035 $a(Aleph)000018757FED01 035 $a000018757 100 $a20020821d--------km-y0itay50------ba 101 0 $aita 105 $ay-------001yy 200 1 $a2. : 296 p. : ill. 205 $a2. ed. 210 $aTorino$cViglongo$d1948- 215 $av.$d25 cm 461 0$1001000000234$12001$a<>attrezzatura d'officina nelle industrie meccaniche 610 0 $aAttrezzature meccaniche 676 $a671 700 1$aBerruti,$bAldo$0193 801 0$aIT$bUNINA$gRICA$2UNIMARC 901 $aBK 912 $a990000187570403321 952 $a13 P 24 30$b21297$fFINBC 959 $aFINBC 996 $a2. : 296 p. : ill$9122680 997 $aUNINA LEADER 01581nam2-2200421li-450 001 990000204700203316 005 20180312154841.0 010 $a3-540-56023-8 035 $a0020470 035 $aUSA010020470 035 $a(ALEPH)000020470USA01 035 $a0020470 100 $a20001109d1992----km-y0itay0103----ba 101 0 $aeng 102 $aGW 200 1 $aEntity-relationship approach-ER'92$e11th International conference on the entity-relationship approach$eKarlsruhe, Germany, October 7-9, 1992$eproccedings$fG. Pernul (ed.) 210 $dBerlin [etc.] . Springer-Verlag, copyr. 1992 215 $aXI, 439 p.$cill.$d24 cm 225 2 $aLecture notes in computer science$v645 410 0$10010020264$12001$aLecture notes in computer science 610 1 $aarchivi di dati$acongressi$a1992 610 1 $acongressi$akarlsruhe$a1992 610 1 $aprogrammazione oggetto orientata$acongressi$a1992 676 $a00574$9Archivi di dati e basi di dati 702 1$aPernul,$bGünther 710 12$aInternational conference on the entity-relationship approach$d11.$eKarlsruhe$f1992$0754296 801 $aSistema bibliotecario di Ateneo dell' Università di Salerno$gRICA 912 $a990000204700203316 951 $a001 LNCS (645)$b0015105$c001$d00102690 959 $aBK 969 $aSCI 979 $c19941202 979 $c20001110$lUSA01$h1714 979 $aALANDI$b90$c20010129$lUSA01$h1044 979 $c20020403$lUSA01$h1628 979 $aPATRY$b90$c20040406$lUSA01$h1615 996 $aEntity-relationship approach-ER'92$91517672 997 $aUNISA LEADER 01069nam a2200277 i 4500 001 991001126939707536 005 20020507183743.0 008 970526s1968 de ||| | ger 035 $ab10804626-39ule_inst 035 $aLE01307465$9ExL 040 $aDip.to Matematica$beng 082 0 $a530.12 084 $aAMS 81-02 084 $aAMS 81-XX 100 1 $aNeumann, John von$012895 245 10$aMathematische Grundlagen der Quantenmechanik /$cvon Johann von Neumann 260 $aBerlin :$bSpringer-Verlag,$cstampa1968 300 $a262 p. ;$c24 cm. 490 0 $aGrundlehren der mathematischen Wissenschaften = A series of comprehensive studies in mathematics,$x0072-7830 ;$v38 650 0$aQuantum theory 907 $a.b10804626$b23-02-17$c28-06-02 912 $a991001126939707536 945 $aLE013 81-XX NEU11 (1968:SPRINGER)$g1$i2013000084534$lle013$o-$pE0.00$q-$rl$s- $t0$u0$v0$w0$x0$y.i10909102$z28-06-02 996 $aMathematische Grundlagen der Quantenmechanik$940639 997 $aUNISALENTO 998 $ale013$b01-01-97$cm$da $e-$fger$gde $h0$i1